Der Sturm der Bilder : zerstörte und zerstörende Kunst von der Antike bis in die Gegenwart
Saved in:
| Other Authors: | |
|---|---|
| Document Type: | Book |
| Language: | German English |
| Published: |
Berlin
: Akademie-Verlag
, 2011
|
| Series: | Mnemosyne: Schriften des Internationalen Warburg-Kollegs
|
| Subjects: | |
| Online Access: | Inhaltsverzeichnis Rezension Klappentext Rezension Rezension |
| Related Items: | Erscheint auch als:
Der Sturm der Bilder Rezensiert in: [Rezension von: Uwe Fleckner / Maike Steinkamp / Hendrik Ziegler (Hrsg.), Der Sturm der Bilder. Zerstörte und zerstörende Kunst von der Antike bis in die Gegenwart] |
| Author Notes: | hrsg. von Uwe Fleckner; Maike Steinkamp und Hendrik Ziegler |
| LEADER | 06635cam a2201165 c 4500 | ||
|---|---|---|---|
| 001 | 612176193 | ||
| 003 | DE-627 | ||
| 005 | 20260616210049.0 | ||
| 007 | tu | ||
| 008 | 091104s2011 gw ||||| 00| ||ger c | ||
| 010 | |a 2011404095 | ||
| 015 | |a 09,N46,0965 |2 dnb | ||
| 015 | |a 09,N46,0965 |2 dnb | ||
| 016 | 7 | |a 997665076 |2 DE-101 | |
| 020 | |a 3050049030 |q gb. : Eur 69.80 (D) |9 3-05-004903-0 | ||
| 020 | |a 9783050049038 |q : gb. : Eur 69.80 (D) |9 978-3-05-004903-8 | ||
| 024 | 3 | |a 9783050049038 | |
| 035 | |a (DE-627)612176193 | ||
| 035 | |a (DE-603)221715738 | ||
| 035 | |a (DE-576)315012951 | ||
| 035 | |a (DE-599)DNB997665076 | ||
| 035 | |a (OCoLC)698849749 | ||
| 035 | |a (OCoLC)698849749 | ||
| 040 | |a DE-627 |b ger |c DE-627 |e rakwb | ||
| 041 | |a ger |a eng | ||
| 044 | |c XA-DE-BE | ||
| 050 | 0 | |a N8557 | |
| 072 | 7 | |a ART 000000 |2 bisacsh | |
| 072 | 7 | |a ART000000 |2 bisacsh | |
| 082 | 0 | |a 700 |q BSZ | |
| 082 | 0 | |a 701.03 | |
| 082 | 0 | 4 | |a 700 |q DNB |
| 084 | |a 9,10 |2 ssgn | ||
| 084 | |a LH 60200 |2 rvk |0 (DE-625)rvk/94179: | ||
| 084 | |a LH 65020 |q BVB |2 rvk |0 (DE-625)rvk/94519: | ||
| 084 | |a LH 61020 |2 rvk |0 (DE-625)rvk/94201: | ||
| 084 | |a 20.06 |2 bkl | ||
| 084 | |a 20.10 |2 bkl | ||
| 090 | |a a | ||
| 245 | 0 | 4 | |a Der Sturm der Bilder |b zerstörte und zerstörende Kunst von der Antike bis in die Gegenwart |c hrsg. von Uwe Fleckner; Maike Steinkamp und Hendrik Ziegler |
| 264 | 1 | |a Berlin |b Akademie-Verlag |c 2011 | |
| 300 | |a IX, 256 S. |b Ill., Kt. |c 24 cm | ||
| 336 | |a Text |b txt |2 rdacontent | ||
| 337 | |a ohne Hilfsmittel zu benutzen |b n |2 rdamedia | ||
| 338 | |a Band |b nc |2 rdacarrier | ||
| 490 | 0 | |a Mnemosyne: Schriften des Internationalen Warburg-Kollegs | |
| 500 | |a Beitr. teilw. dt., teilw. engl | ||
| 546 | |a Beitr. teilw. dt., teilw. engl. | ||
| 583 | 1 | |a Archivierung/Langzeitarchivierung gewährleistet |f SSG |x XA-DE-BW |2 pdager |5 DE-16 | |
| 648 | 7 | |a Geschichte |2 gnd | |
| 650 | 0 | |a Art |x Mutilation, defacement, etc |x History | |
| 650 | 0 | |a Art |x Political aspects | |
| 650 | 0 | |a Lost architecture | |
| 650 | 0 | |a Avant-garde (Aesthetics) |z Europe |x History |y 20th century | |
| 650 | 0 | |a Entartete Kunst | |
| 650 | 0 | |a National socialism and art | |
| 650 | 0 | 7 | |0 (DE-588)4123592-7 |0 (DE-627)105754005 |0 (DE-576)209561017 |a Kunstwerk |2 gnd |
| 650 | 0 | 7 | |0 (DE-588)4222882-7 |0 (DE-627)104998598 |0 (DE-576)210284935 |a Zerstörung |2 gnd |
| 650 | 0 | 7 | |0 (DE-588)4273137-9 |0 (DE-627)104484721 |0 (DE-576)210695943 |a Beschädigung |2 gnd |
| 650 | 0 | 7 | |0 (DE-588)4128256-5 |0 (DE-627)104106050 |0 (DE-576)209600551 |a Änderung |2 gnd |
| 650 | 0 | 7 | |0 (DE-588)4006611-3 |0 (DE-627)106376926 |0 (DE-576)208866302 |a Bildersturm |2 gnd |
| 655 | 7 | |a Aufsatzsammlung |0 (DE-588)4143413-4 |0 (DE-627)105605727 |0 (DE-576)209726091 |2 gnd-content | |
| 689 | 0 | 0 | |d s |0 (DE-588)4123592-7 |0 (DE-627)105754005 |0 (DE-576)209561017 |a Kunstwerk |2 gnd |
| 689 | 0 | 1 | |d s |0 (DE-588)4222882-7 |0 (DE-627)104998598 |0 (DE-576)210284935 |a Zerstörung |2 gnd |
| 689 | 0 | 2 | |d s |0 (DE-588)4273137-9 |0 (DE-627)104484721 |0 (DE-576)210695943 |a Beschädigung |2 gnd |
| 689 | 0 | 3 | |d s |0 (DE-588)4128256-5 |0 (DE-627)104106050 |0 (DE-576)209600551 |a Änderung |2 gnd |
| 689 | 0 | 4 | |a z |2 gnd |a Geschichte |
| 689 | 0 | |5 DE-101 | |
| 689 | 1 | 0 | |d s |0 (DE-588)4006611-3 |0 (DE-627)106376926 |0 (DE-576)208866302 |a Bildersturm |2 gnd |
| 689 | 1 | 1 | |a z |2 gnd |a Geschichte |
| 689 | 1 | |5 DE-101 | |
| 700 | 1 | |a Fleckner, Uwe |d 1961- |e Hrsg. |0 (DE-588)115384782 |0 (DE-627)077213955 |0 (DE-576)170369641 |4 edt | |
| 700 | 1 | |a Steinkamp, Maike |d 1974- |0 (DE-588)135560071 |0 (DE-627)567066487 |0 (DE-576)300515553 |4 oth | |
| 700 | 1 | |8 1\p |a Ziegler, Hendrik |d 1968- |0 (DE-588)1033930911 |0 (DE-627)743687272 |0 (DE-576)182193446 |4 oth | |
| 776 | 0 | 8 | |i Erscheint auch als |n Online-Ausgabe |t Der Sturm der Bilder |d Berlin : De Gruyter, 2011 |h Online-Ressource (IX, 258 S.) |w (DE-627)1655205854 |w (DE-576)427275024 |z 9783050089591 |z 9783050049038 |
| 787 | 0 | 8 | |i Rezensiert in |a Tauber, Christine, 1967 - |t [Rezension von: Uwe Fleckner / Maike Steinkamp / Hendrik Ziegler (Hrsg.), Der Sturm der Bilder. Zerstörte und zerstörende Kunst von der Antike bis in die Gegenwart] |d 2013 |w (DE-627)1800995741 |
| 856 | 4 | 2 | |u http://www.gbv.de/dms/weimar/toc/612176193_toc.pdf |m V:DE-601 |m B:DE-Wim2 |q pdf/application |x Verlag |y Inhaltsverzeichnis |3 Inhaltsverzeichnis |7 1 |
| 856 | 4 | 2 | |u https://swbplus.bsz-bw.de/bsz315012951rez.htm |m B:DE-576;DE-16 |q application/pdf |v 20130930152146 |x Verlag |3 Rezension |7 1 |
| 856 | 4 | 2 | |u http://bvbr.bib-bvb.de:8991/F?func=service&doc_library=BVB01&doc_number=018939259&line_number=0002&func_code=DB_RECORDS&service_type=MEDIA |m V:DE-604 |q application/pdf |3 Klappentext |7 1 |
| 856 | 4 | 2 | |u http://www.sehepunkte.de/2013/09/19686.html |m V:DE-576;X:Sehepunkte |q text/html |v 20180417093430 |3 Rezension |7 1 |
| 856 | 4 | 2 | |u http://scans.hebis.de/HEBCGI/show.pl?22171573_rez.pdf |m V:DE-576;B:DE-16 |q application/pdf |3 Rezension |7 1 |
| 883 | |8 1\p |a cgwrk |d 20241001 |q DE-101 |u https://d-nb.info/provenance/plan#cgwrk | ||
| 935 | |i sf | ||
| 935 | |i Blocktest | ||
| 936 | r | v | |a LH 60200 |b Kunstsoziologie (sämtlicher oder mehrerer Kunstgattungen)/ Soziologie des Künstlers. Allgemeines |k Kunstgeschichte |k Allgemeines. Allgemeine Kunstgeschichte |k Bildende Kunst in Staat und Gesellschaft |k Kunstsoziologie (sämtlicher oder mehrerer Kunstgattungen) Soziologie des Künstlers |k Kunstsoziologie (sämtlicher oder mehrerer Kunstgattungen)/ Soziologie des Künstlers. Allgemeines |0 (DE-627)1270643150 |0 (DE-625)rvk/94179: |0 (DE-576)200643150 |
| 936 | r | v | |a LH 65020 |b Gesamtdarstellungen mit Beschränkung auf ein bestimmtes Thema (z.B. Figurdarstellung, soweit verschiedene Kunstgattungen übergreifend) |k Kunstgeschichte |k Allgemeines. Allgemeine Kunstgeschichte |k Allgemeine Kunstgeschichte: Darstellungen |k Gesamtdarstellungen |k Gesamtdarstellungen mit Beschränkung auf ein bestimmtes Thema (z.B. Figurdarstellung, soweit verschiedene Kunstgattungen übergreifend) |0 (DE-627)1270638343 |0 (DE-625)rvk/94519: |0 (DE-576)200638343 |
| 936 | r | v | |a LH 61020 |b Kunsttheorie und Geschichte der Kunsttheorie |k Kunstgeschichte |k Allgemeines. Allgemeine Kunstgeschichte |k Theorie und Praxis der Bildenden Kunst |k Theorie der Bildenden Kunst |k Kunsttheorie und Geschichte der Kunsttheorie |0 (DE-627)1270641891 |0 (DE-625)rvk/94201: |0 (DE-576)200641891 |
| 936 | b | k | |a 20.06 |j Kunstphilosophie |j Kunsttheorie |0 (DE-627)10641433X |
| 936 | b | k | |a 20.10 |j Kunst und Gesellschaft |0 (DE-627)106406256 |
| 936 | s | n | |a l300 |2 mzub |
| 951 | |a BO | ||
| 990 | |a Kunstwerk | ||
| 990 | |a Zerstörung | ||
| 990 | |a Beschädigung | ||
| 990 | |a Änderung | ||
| 990 | |a Geschichte | ||
| 990 | |a Bildersturm | ||
| 990 | |a Geschichte | ||
| 991 | |a Rezensiertes Werk | ||
| 999 | |a KXP-PPN612176193 |e 4179800284 | ||


